| 000 | 00791nam a22002297a 4500 | ||
|---|---|---|---|
| 001 | 6975 | ||
| 003 | FISKH | ||
| 005 | 20250612143853.0 | ||
| 008 | 250612b cb ||||| |||| 00| 0 eng d | ||
| 020 | _a9780516445366 | ||
| 040 |
_aFISKH _beng _cFISKH _dFISKH |
||
| 050 | _aML3930.G29 V46 | ||
| 082 | _a780.92 | ||
| 100 | _aVenezia, Mike | ||
| 245 |
_aGeorge Gershwin : _bGetting to know the world's greatest composers / _cWritten and illustrated by Mike Venezia |
||
| 260 |
_aChicago : _bChildren's Press, _c1994. |
||
| 300 |
_a32 pages : _bcolor illustrations ; _c25 cm |
||
| 520 | _aClever illustrations and story lines give children a light yet realistic overview of this composer's life and style and music. | ||
| 650 |
_aComposers _vMusic |
||
| 942 |
_2ddc _cBK _n0 |
||
| 999 |
_c6975 _d6975 |
||